[Event "EIWCC 2018"]
[Site "Vysoke Tatry"]
[Date "2018.04.08"]
[Round "1"]
[White "Mammadzada, Gunay"]
[Black "Mrvova, Alena"]
[Result "1-0"]
[WhiteElo "2392"]
[BlackElo "2179"]
[Annotator "TA"]
[PlyCount "125"]
[EventDate "2018.??.??"]
[EventType "swiss"]
[EventCountry "SVK"]
[SourceTitle "playchess.com"]
[Source "ChessBase"]
[SourceQuality "1"]

{[%evp 27,125,117,127,75,140,121,139,104,136,78,121,117,116,89,158,154,206,191,262,208,352,339,477,448,459,415,661,600,675,669,664,677,634,573,929,912,1118,240,245,251,310,91,97,91,100,68,64,0,89,47,52,61,59,59,65,65,87,102,131,85,89,62,67,9,11,9,17,3,31,31,31,31,31,31,31,31,31,31,31,31,31,31,31,31,31,31,31,31,31,31,65,65,196,91,105,8,12792,8516,29992,29993]} 1. e4 c5 2. Nf3 d6 3. d4 cxd4 4. Nxd4 Nf6 5. Nc3 a6 6. Be3 e6 7. f3 Be7 8. Qd2 Qc7 9. O-O-O O-O 10. g4 Nfd7 11. g5 Nc6 12. h4 Nde5 {B80: Sicilian Scheveningen: 6 g3 and 6 Be3, including English Attack} 13. f4 Nxd4 14. Qxd4 Nc6 {LiveBook: 4 Games. White is better.} 15. Qb6 ({White should play} 15. Qd2) 15... Qb8 ({Black should try} 15... Bd8 16. Qxc7 Bxc7) 16. Bd2 Bd8 17. Qg1 $146 ({Predecessor:} 17. Qf2 b5 18. h5 b4 19. Na4 Qc7 20. Be3 Rb8 21. Qd2 Be7 22. Kb1 Na7 23. h6 Nb5 24. hxg7 Kxg7 25. Bxb5 Rxb5 26. Rxh7+ Kxh7 27. Qh2+ {1-0 (27) Winslow,E (2280)-Vulicevic,N (2320) New York 1993}) 17... b5 18. Be3 (18. h5 $142) 18... Qc7 19. Rh2 {[%cal Bh1h2,Bh2d2,Bd2d7][%mdl 32]} Rb8 20. Kb1 Re8 ({Better is} 20... b4 21. Na4 Bb7) 21. h5 $16 b4 (21... Rf8 $16 22. Qg3 Be7) 22. Na4 $1 $18 Ne7 (22... Bd7 $142 23. Rhd2 (23. Bxa6 Qa5 $11) 23... Nd4 24. Rxd4 (24. Bxd4 Bxa4 25. g6 fxg6 $16) 24... Bxa4) 23. Rhd2 Bd7 {[#]} (23... Bb7 {is a better defense.}) 24. Nc5 $1 {[%cal Rc5a6][%mdl 512]} dxc5 (24... Nd5 {was necessary.}) 25. Rxd7 Qc6 26. g6 hxg6 (26... fxg6 $142 27. R1d6 (27. Bxc5 Rc8 $16) 27... Qxe4) 27. R1d6 Qxe4 28. Bd3 Qf3 29. hxg6 Nxg6 {[#]} 30. Rxf7 $1 {[%mdl 512]} Kxf7 31. Bxg6+ Kf8 32. Bxe8 $2 (32. Rd3 Re7 33. Bxc5 Qxf4 34. Rh3) 32... Kxe8 33. Bxc5 {Intending Qg6+ and mate.} Qe4 34. Rd1 $2 ({Not} 34. Rxa6 Rc8 $11) (34. Qg4 $18 {and the rest is easy. Qh5+ would kill now.} Be7 35. Qh5+ (35. Rxe6 Qh1+ 36. Bg1 Kf8 $18) 35... Kf8 36. Rd7 Qe1+ 37. Rd1 Qxd1+ 38. Qxd1 Bxc5 39. Qd7) 34... Bf6 $16 35. Re1 $1 {[%cal Re1e4]} Qf5 36. Bd6 Rc8 37. Qh2 (37. Qg2 $1 $14) 37... Kf7 (37... a5 $11 {remains equal.}) 38. Qg2 {aiming for Qb7+.} Qd5 39. Qxd5 exd5 40. Bxb4 $14 {[%mdl 4096] Endgame KRB-KRB} Rb8 41. c3 d4 42. Kc2 $1 Rh8 43. cxd4 Bxd4 44. Bc3 (44. Re7+ {looks sharper.} Kf6 45. Rd7 Rh2+ 46. Bd2 Be3 47. Kc3) 44... Bxc3 45. bxc3 {KR-KR} (45. Kxc3 $14 Rh4 46. Rf1) 45... Rh4 $11 46. Rf1 Ke6 47. Kb3 Kd5 48. Rg1 Rxf4 49. Rxg7 Kc5 50. a4 Rf6 51. Rg5+ Kb6 52. a5+ Kc6 53. Kb4 {Hoping for c4.} Rh6 54. Rg7 Rh4+ $1 55. c4 {Ra7 is the strong threat.} Rh1 56. Rg6+ Kb7 $1 57. Rb6+ Ka7 $1 58. Rd6 Kb7 59. Kc5 Ra1 (59... Rh5+ $14 60. Kb4 Rh1 61. Rb6+ Ka7) 60. Rd7+ $1 $18 Kc8 {[#]} 61. Rh7 (61. Kc6 $1 $16) 61... Rxa5+ $2 {[%mdl 8192] [#]} (61... Ra4 $11) 62. Kc6 $1 {[%cal Rh7h8]} Kb8 63. Kb6 {Precision: White = 52%, Black = 43%.} 1-0

[Event "EIWCC 2018"]
[Site "Vysoke Tatry"]
[Date "2018.04.08"]
[Round "1"]
[White "Shuvalova, Polina"]
[Black "Vidic, Teja"]
[Result "1-0"]
[WhiteElo "2389"]
[BlackElo "2176"]
[Annotator "TA"]
[PlyCount "141"]
[EventDate "2018.??.??"]
[EventType "swiss"]
[EventCountry "SVK"]
[SourceTitle "playchess.com"]
[Source "ChessBase"]
[SourceQuality "1"]

{[%evp 23,141,16,46,4,12,7,5,-10,-17,-9,-15,-27,-20,-39,-49,-44,-10,-22,2,4,0,-11,6,0,18,7,32,32,34,7,14,0,37,7,0,6,37,36,43,48,51,57,86,81,129,117,121,61,191,145,212,220,205,204,250,245,414,0,0,2,0,0,0,0,0,0,0,0,291,285,295,287,296,323,329,328,319,327,296,303,295,291,294,278,354,317,315,307,455,449,581,579,536,534,841,755,739,737,1727,1341,29980,29981,29981,29982,29982,29983,29983,6093,29987,5573,2927,2109,1429,1335,29985,5302,29991,29992,29992,29993]} 1. e4 e5 2. Nf3 Nc6 3. Bb5 a6 4. Ba4 Nf6 5. O-O Be7 6. Re1 b5 7. Bb3 O-O 8. h3 Bb7 9. d3 h6 10. a3 {[%cal Ba2a3,Ba3a4][%mdl 32] C88: Closed Ruy Lopez: Anti-Marshall Systems} Re8 11. Nc3 (11. Nbd2 Bc5 12. c3 Bb6 13. Ba2 d6 14. Nf1 d5 15. exd5 Nxd5 16. Qb3 Na5 17. Qc2 Qd6 {1-0 (55) Topalov,V (2768)-Svidler,P (2755) Porto Carras 2011}) 11... Bf8 12. Bd2 d6 {LiveBook: 5 Games} 13. a4 Na5 14. Ba2 $146 ({Find the theoretical novelty and annotate with similar games:} 14. axb5 Nxb3 15. cxb3 axb5 16. Rxa8 Bxa8 17. Nxb5 Qd7 {½-½ (30) Blanco Ronquillo,H (2423)-Abatantuono,G Caracas 2012}) 14... b4 15. Ne2 d5 16. Ng3 dxe4 17. dxe4 c5 18. Qe2 Qc7 19. Nh2 Rad8 20. Ng4 Qc6 21. Nxf6+ Qxf6 22. Red1 Rd7 23. f3 Qb6 24. Nf1 Rc8 25. Kh2 c4 26. Ne3 {[%cal Re3c4]} Rdc7 27. Be1 Qf6 28. Nd5 Bxd5 $1 29. Rxd5 Nc6 {aiming for ...Nd4.} 30. Bg3 $36 {[%mdl 2048] White has the initiative.} h5 {Threatening ...h4.} 31. Qf2 (31. Bxc4 h4 $15) (31. Qxc4 $2 Ne7 $19) 31... Be7 {Threatens to win with ...h4.} 32. Kh1 h4 33. Bh2 c3 34. bxc3 bxc3 35. Rb1 ({Better is} 35. Qf1 $16) 35... Bd6 (35... Qh6 $1 $14) 36. Rb6 $18 Rb8 (36... Qe7 $16 {was necessary.} 37. Rxa6 Rd7) 37. Rxb8+ Nxb8 38. Qb6 Rc6 39. Qb7 Qg5 $2 {[#]} (39... Bc7 40. Qc8+ Kh7) 40. Rxd6 $2 (40. Rxe5 $3 $18 {[%mdl 512]} Qc1+ (40... Bxe5 41. Qxf7+) 41. Bg1 Bxe5 42. Qxf7+ Kh7 43. Qh5+ Rh6 44. Qf5+ Rg6 45. Bf7 (45. Qxe5 Nd7 $16)) 40... Rxd6 $11 41. Qxf7+ Kh7 42. Qg8+ Kh6 $1 43. Qh8+ Kg6 44. Qe8+ Kh7 45. Bxe5 {Qg8+ would kill now.} Rd8 $2 {[%mdl 8192]} (45... Rd1+ $1 $11 46. Kh2 Rd8 47. Bg8+ (47. Qe6 Nc6 $11) 47... Kh8 48. Bxg7+ Qxg7 49. Qxd8 Qg3+ 50. Kh1 Qe1+ 51. Kh2 Qg3+ 52. Kh1 Qe1+ 53. Kh2 Qg3+) 46. Bg8+ $1 $18 Kh8 {[#]} 47. Bxg7+ $1 {[%mdl 512]} Qxg7 48. Qxd8 {White threatens Be6+ and mate.} Qxg8 49. Qxh4+ Qh7 50. Qd8+ Qg8 51. Qc7 Qe8 52. Qxc3+ Kh7 53. Qc7+ Kg6 54. f4 Nc6 55. Qd6+ ({Resist} 55. f5+ Kf6 $18) 55... Kh7 (55... Kf7 $142 56. Qc7+ Kg6 57. f5+ Kf6 58. Qd6+ Kg7 59. Qg3+ Kf6) 56. e5 {[%cal Be4e5,Be5e6,Be6e7][%mdl 32]} a5 57. c4 {[%cal Bc2c4,Bc4c5][%mdl 32]} Ne7 58. c5 Nc6 59. g4 Nb4 60. Kh2 Qxa4 61. e6 {White wants to mate with Qe7+.} Qb3 62. Qd7+ Kg8 63. e7 {[%cal Re7e8]} Qc2+ 64. Kg3 {[%cal Re7e8]} Qc3+ 65. Kh4 (65. Kg2 $142 Qc2+ 66. Kf3 Qb3+ 67. Ke4 Qc4+ 68. Kf5 Qf7+ 69. Ke4 Qc4+ 70. Ke5 Nd3+ 71. Qxd3 Qxd3 72. e8=Q+ Kg7 73. Qe7+ Kh8 74. Kf6) 65... Qf6+ 66. Kh5 (66. g5 $142 Qxf4+ 67. Kh5 Qf7+ 68. g6 Qf3+ 69. Qg4 Qd5+ 70. Kh4 Qc6 71. Qd4 Qxg6 72. Qd8+ Kg7 73. Qf8+ Kh7 74. e8=Q) 66... Qf7+ {[#]} 67. Kg5 $1 Qg7+ {[#]} 68. Kf5 $1 Qf7+ 69. Ke5 (69. Ke4 $142 Qc4+ 70. Kf5 Qf7+ 71. Ke5 Nc6+ 72. Qxc6 Qxe7+ 73. Qe6+ Kf8 74. Qxe7+ Kxe7 75. Kd4) 69... Qg7+ 70. Ke4 Qh7+ 71. f5 {Precision: White = 60%, Black = 35%.} 1-0

[Event "EIWCC 2018"]
[Site "Vysoke Tatry"]
[Date "2018.04.08"]
[Round "1"]
[White "Schleining, Zoya"]
[Black "Batyte, Daiva"]
[Result "1/2-1/2"]
[WhiteElo "2382"]
[BlackElo "2165"]
[Annotator "TA"]
[PlyCount "139"]
[EventDate "2018.??.??"]
[EventType "swiss"]
[EventCountry "SVK"]
[SourceTitle "playchess.com"]
[Source "ChessBase"]
[SourceQuality "1"]

{[%evp 16,139,48,47,61,64,65,73,90,38,84,87,153,152,154,125,186,177,228,222,234,227,247,242,228,231,229,211,213,205,374,278,268,275,275,227,239,200,241,55,210,167,242,228,456,466,426,319,383,370,366,244,234,112,91,0,74,0,0,0,0,-712,-66,-68,-70,-383,-383,-384,-381,-353,-375,-371,-362,-411,-408,-432,-361,-384,-375,-645,-642,-2072,-2072,-2072,-1389,-1080,-835,-1065,-684,-670,-671,-664,-664,-655,-655,-647,-639,-545,0,0,16,18,18,25,29987,29988,29988,9,19,20,38,38,42,0,0,0,52,0,0,0,0,0,0,0,0,0]} 1. d4 Nf6 2. Nf3 g6 3. c4 Bg7 4. Nc3 O-O 5. e4 d6 6. h3 Na6 7. Be3 c5 8. d5 {E90: King's Indian: Classical: Early deviations and 6 h3} Nc7 (8... e6 9. Nd2 exd5 10. cxd5 Nc7 11. Be2 b5 12. a3 b4 13. axb4 cxb4 14. Nb5 Nxb5 15. Bxb5 Bd7 {0-1 (40) Wang,Y (2690)-Kokarev,D (2615) Riadh 2017}) 9. Qd2 {LiveBook: 3 Games} a6 10. a4 {White is slightly better.} b6 11. Bd3 Bd7 12. e5 $146 ({Better is} 12. O-O $16) ({Predecessor:} 12. O-O Rb8 13. Rfe1 b5 14. e5 Nfe8 15. exd6 exd6 16. Bg5 {1-0 (33) Tikkanen,H (2342)-Pallesen,J (2056) Taastrup 2005}) 12... Nfe8 13. Bh6 b5 (13... dxe5 $142 14. Bxg7 Kxg7) 14. h4 $16 {Threatens to win with Bxg7.} (14. cxb5 $6 axb5 15. O-O b4 $11) 14... bxc4 15. Bxc4 Bf5 (15... Bg4 $16) 16. h5 $18 dxe5 (16... gxh5 $142 17. Rxh5 Bg6) 17. hxg6 Bxg6 18. Bxg7 Nxg7 19. Nxe5 Qd6 20. Nxg6 fxg6 21. Ne4 Qe5 22. f3 e6 $2 (22... Kh8 23. O-O-O Nf5) 23. d6 Nd5 24. O-O-O $1 {[%csl LRc5,LRd5]} Nb6 25. Bb3 c4 26. Bc2 Rab8 27. Qd4 $2 (27. Qh6 $18 Nd5 28. Qxh7+ Kf7 29. Nc3) 27... Qf4+ $2 (27... Qxd4 $14 28. Rxd4 e5) 28. Rd2 $1 e5 (28... Nd7 $142 29. Qxc4 Rfc8) 29. Qf2 a5 $2 (29... Nf5 {was necessary.} 30. a5 Nd7) 30. Rh4 Qf5 31. Qg3 Ne6 32. Nc5 Qf6 33. Nxe6 $1 Qxe6 34. Rg4 (34. Qh2 $18 {and White stays clearly on top.} h5 35. Qg3) 34... Rf6 35. Re4 (35. Qh4 $16 Rf7 36. Qh6) 35... Nd7 (35... c3 $1 $11 {keeps the balance.} 36. bxc3 Qa2) 36. Qf2 (36. Qg5 $16) 36... c3 $11 37. bxc3 Qa2 $1 {[%cal Ra2a1]} 38. Rd3 $2 {[%mdl 8192] [#]} (38. Kd1 $11) 38... Qa3+ $2 (38... Rb1+ $1 $19 {[%mdl 512]} 39. Kd2 (39. Bxb1 Qxf2) 39... Rb2) 39. Kd2 $15 Nc5 $36 {[%mdl 2048] Black is pushing.} 40. Ree3 $2 {[%mdl 8192]} ({White must play} 40. Rb4 $1 $15 axb4 41. Qxc5 bxc3+ 42. Qxc3 Qxc3+ 43. Kxc3) 40... Nxd3 $19 41. Rxd3 Rxd6 42. Qe3 Rxd3+ 43. Qxd3 {[%mdl 4096] Endgame KQR-KQB} Qe7 44. Qd5+ Kg7 45. Ke2 Rb2 46. Kd1 Qc7 47. g4 $2 (47. Kc1 Rb8 48. Qd3) 47... Rb8 (47... Qxc3 48. Qd7+ Kf8 49. Qd8+ Kg7 50. Qe7+ Kh6 51. Qh4+ Kg7 52. Qe7+ Kh6 53. Qh4+ Kg7 54. Qe7+ $11) 48. Qd2 Rd8 49. Bd3 Qd7 50. Ke2 Qxa4 51. Qg5 Re8 52. Qe3 Qa2+ 53. Kf1 Qa1+ 54. Kg2 {intending Qa7+.} Qxc3 55. Qa7+ Kh8 56. Qf7 Qc6 $2 ({And not} 56... Qxd3 57. Qxe8+ Kg7 58. Qxe5+ Kh6 59. Qxa5 $11) (56... Qc8 $19 {aiming for ...Qd8.} 57. Bb5 Rf8) 57. Bc4 $1 $11 {[%cal Rc4d5] Strongly threatening Bd5.} e4 58. Bd5 exf3+ 59. Kh3 Qc3 $2 {[%mdl 8192]} (59... Qd6 $11 60. Qxe8+ Kg7 61. Qf7+ (61. Bxf3 h5 $16) 61... Kh6) 60. Qxe8+ Kg7 {[#]} 61. Qf7+ $2 (61. Qe7+ $1 {mates} Kh6 62. Kh4 Qb4 63. Qe3+ Kg7 64. Qe5+ Kh6 65. Qg5+ Kg7 66. Qe5+ Kh6 67. Qg5+ Kg7 68. Qe5+) 61... Kh6 62. Qf8+ ({Resist} 62. Bxf3 $6 Qe5 $16) 62... Kg5 63. Qe7+ Kf4 $1 64. Qf8+ Kg5 65. Qe7+ (65. Bxf3 $11 Qe5 66. Qa3) 65... Kf4 $1 $14 {( -> ...f2+)} 66. Qf7+ ({White should play} 66. Kh4 $14 Qe5 67. Qf7+ Ke3 68. Qxf3+ Kd4 69. Qd1+ Kc5 70. Bf3) 66... Ke3 $11 {The position is equal.} 67. Qxf3+ Kd4 68. Qxc3+ Kxc3 69. Kh4 h5 70. gxh5 {Precision: White = 47%, Black = 49%.} 1/2-1/2

[Event "EIWCC 2018"]
[Site "Vysoke Tatry"]
[Date "2018.04.08"]
[Round "1"]
[White "Gara, Anita"]
[Black "Pavlidou, Ekaterini"]
[Result "1-0"]
[WhiteElo "2369"]
[BlackElo "2164"]
[Annotator "TA"]
[PlyCount "93"]
[EventDate "2018.??.??"]
[EventType "swiss"]
[EventCountry "SVK"]
[SourceTitle "playchess.com"]
[Source "ChessBase"]
[SourceQuality "1"]

{[%evp 17,93,8,0,14,75,77,159,26,46,38,84,85,145,82,64,74,239,222,505,499,485,485,486,475,462,111,116,100,360,151,158,155,119,141,162,174,199,165,208,208,209,200,252,245,330,321,567,572,576,574,563,552,578,566,573,534,1572,881,956,956,962,962,881,637,874,825,800,800,800,777,1740,1331,1318,1206,6315,1789,29966,11764]} 1. e4 c5 2. Nf3 Nc6 3. Bb5 Nf6 4. Nc3 Qc7 5. O-O a6 (5... Nd4 6. Re1 a6 7. Bc4 e6 8. e5 Ng8 9. d3 b5 10. Bb3 Nxb3 11. axb3 Bb7 12. Bf4 f5 13. d4 Ne7 14. dxc5 Ng6 {1-0 (49) Bacrot,E (2725)-Naiditsch,A (2705) Riadh 2017}) 6. Bxc6 {B30: Sicilian: 2...Nc6 3 Bb5, lines without ...g6} dxc6 7. e5 Nd5 8. Ne4 Bg4 9. Nxc5 e6 {LiveBook: 12 Games} 10. Ne4 O-O-O $146 (10... Bxf3 $11 11. Qxf3 Qxe5) ({Predecessor:} 10... c5 11. d3 Be7 12. a3 Rd8 13. Bd2 {1-0 (44) Muzychuk,M (2464)-Voiska,M (2314) Sibenik 2010}) 11. d4 $16 h6 (11... c5 $142) 12. Bd2 (12. c4 $16) 12... f5 $1 $11 {[%cal Rf5e4]} 13. Ng3 f4 14. Ne4 Bf5 (14... Kb8 $142) 15. Re1 ({Better is} 15. Qe2) 15... g5 $16 16. c4 Qh7 $2 (16... Ne3 $16 17. Nd6+ (17. fxe3 Bxe4 18. exf4 Bxf3 $16) 17... Qxd6 18. fxe3 (18. exd6 Nxd1 19. Raxd1 Bxd6 $11) 18... Qe7) 17. Nd6+ $18 Rxd6 $2 (17... Bxd6 {was worth a try.} 18. exd6 Nf6) 18. exd6 Nf6 19. d5 Ne4 20. Nd4 Bxd6 21. Nxe6 $2 (21. Ba5 $18 {is more deadly.}) 21... Bxe6 $16 22. dxe6 Bc5 $2 {[%mdl 8192]} (22... Nxf2 $16 {might work better.} 23. Kxf2 Bc5+ 24. Kf1 Qd3+ 25. Qe2 Qd4) 23. Rxe4 (23. Re2 $18) 23... Qxe4 24. Bc3 $1 Rd8 {[#]} 25. Qg4 $1 Be7 {[#]} 26. Re1 $1 {[%cal Re1e4]} Qxc4 27. Qf5 Qd5 28. Qh7 Qd6 29. h3 f3 {Now ...fxg2 and Black clings on.} 30. g3 ({Less strong is} 30. Qxh6 fxg2 31. Qg7 (31. Kxg2 Qd5+ 32. Kg1 Qf3 $14) 31... Rf8 $16) 30... b5 31. a3 ({Worse is} 31. Qxh6 b4 $17) 31... c5 $2 (31... Rf8 {keeps fighting.} 32. Qxh6 Kb7) 32. Ba5 $18 Rf8 33. Qe4 {Threatening mate with Qa8+.} Kb8 34. Bc3 {And now Be5 would win.} Ka7 35. b4 Qc7 36. Be5 Qb6 37. Qh7 Qb7 38. Rd1 Rd8 39. Rxd8 Bxd8 40. Qxb7+ Kxb7 {[%mdl 4096] Endgame KB-KB} 41. Bd6 c4 42. e7 Bxe7 43. Bxe7 Kc6 44. Kf1 Kd5 45. Ke1 c3 46. Kd1 (46. g4 $142 Kd4 47. Bf8) 46... Kc4 47. Kc2 {Precision: White = 65%, Black = 23%.} 1-0

[Event "EIWCC 2018"]
[Site "Vysoke Tatry"]
[Date "2018.04.08"]
[Round "1"]
[White "Michna, Marta"]
[Black "Smirnova, Ekaterina"]
[Result "1-0"]
[WhiteElo "2367"]
[BlackElo "2153"]
[Annotator "TA"]
[PlyCount "109"]
[EventDate "2018.??.??"]
[EventType "swiss"]
[EventCountry "SVK"]
[SourceTitle "playchess.com"]
[Source "ChessBase"]
[SourceQuality "1"]

{[%evp 15,109,-47,-25,-34,-31,-48,-34,-54,-20,-16,-23,-27,-21,-24,-10,-22,0,-5,0,-18,0,-16,0,0,0,0,0,-19,0,0,0,-25,0,0,4,8,8,-18,93,96,100,87,104,105,248,251,229,160,197,173,168,156,242,218,201,152,164,150,161,158,148,165,262,251,510,502,532,524,606,615,599,603,586,575,643,643,625,620,816,817,814,789,761,789,746,767,12841,12841,12841,12842,12841,12841,12841,681,641,587]} 1. Nf3 Nf6 2. d3 d5 3. c3 (3. Nbd2 c5 4. e4 Nc6 5. g3 e5 6. Bg2 Be7 7. O-O O-O 8. exd5 Nxd5 9. Re1 f6 10. c3 Kh8 11. Nh4 Be6 12. f4 Bf7 13. f5 g5 14. fxg6 hxg6 15. Nc4 Kg7 16. Be4 f5 17. Nxf5+ gxf5 18. Bxf5 {0-1 (30) Grischuk,A (2772)-Karjakin,S (2760) Riadh 2017}) 3... g6 4. Qc2 Bg7 5. e4 O-O 6. Be2 {A06: Réti Opening:1 Nf3 d5} c5 7. Nbd2 Nc6 8. O-O e5 {LiveBook: 3 Games} 9. Re1 h6 10. Bf1 Re8 11. a4 a5 $146 ({Predecessor:} 11... Be6 12. exd5 Nxd5 13. Nc4 {0-1 (37) Becker,F-Rosen,W (2265) Germany 1994}) 12. exd5 Nxd5 13. Nc4 Qc7 14. Nfd2 b6 15. Na3 Na7 16. Ndc4 Bf5 17. Qb3 Rad8 18. Bd2 Kh7 19. Rad1 Nc8 20. Nb5 Qd7 21. Bc1 Bg4 22. f3 Bf5 23. g3 h5 24. Qc2 Re7 25. Qf2 Rde8 26. Nd2 f6 (26... Na7 $11 {keeps the balance.}) 27. Ne4 $16 Bh3 28. Be2 {Strongly threatening g4!} Be6 {[#]} 29. d4 $1 {[%cal Rd4e5]} cxd4 (29... exd4 $16 30. cxd4 f5) 30. cxd4 $18 Bf7 31. Bf1 Qc6 32. dxe5 Rxe5 33. Nd4 Qb7 (33... Qxa4 $16 {was called for.} 34. b3 (34. Bb5 Qb4 $16) 34... Qd7) 34. Bb5 Rf8 35. f4 Rxe4 36. Rxe4 {And now Bc6 would win.} Nc3 37. bxc3 Qxe4 38. Bd3 $36 {[%mdl 2048] Black is under strong pressure.} Qb7 (38... Qd5 $142) 39. f5 {[#] fxg6+ is the strong threat.} Ne7 $2 (39... Qd5 40. fxg6+ Bxg6 41. Bxg6+ Kxg6) 40. fxg6+ {White is clearly winning.} Bxg6 41. Bxg6+ Nxg6 42. Qf5 Qf7 43. Ne6 {aiming for Rd7!} Kg8 {Black hopes to continue with ...Re8.} 44. Nxf8 Nxf8 45. Be3 Qe8 46. Bxb6 Qxa4 47. Qd5+ Kh8 48. Qxh5+ Kg8 49. Qd5+ Kh8 50. Bxa5 Ng6 51. Qh5+ Kg8 52. Rd8+ Nf8 53. Bb4 {White threatens Bxf8 and mate.} Qa1+ 54. Rd1 Qa7+ 55. Bc5 {Precision: White = 65%, Black = 37%.} 1-0

[Event "EIWCC 2018"]
[Site "Vysoke Tatry"]
[Date "2018.04.08"]
[Round "1"]
[White "Ziaziulkina, Nastassia"]
[Black "Leite Oralova, Catarina"]
[Result "1-0"]
[WhiteElo "2363"]
[BlackElo "2134"]
[Annotator "TA"]
[PlyCount "47"]
[EventDate "2018.??.??"]
[EventType "swiss"]
[EventCountry "SVK"]
[SourceTitle "playchess.com"]
[Source "ChessBase"]
[SourceQuality "1"]

{[%evp 21,47,59,61,54,54,0,0,0,56,59,38,59,56,46,1214,1216,1083,1040,29987,29988,29993,29994,29994,29995,29996,29997,29998,29999]} 1. e4 c5 2. Nf3 e6 3. d4 cxd4 4. Nxd4 Nc6 5. Nc3 Qc7 6. Be3 a6 7. a3 Nf6 8. f4 d6 9. Qf3 Be7 10. O-O-O {B82: Sicilian Scheveningen: 6 f4} Nxd4 11. Bxd4 O-O {LiveBook: 3 Games} 12. e5 {White is slightly better.} (12. Qg3 b5 13. e5 dxe5 14. fxe5 Nd7 15. Ne4 Bb7 16. Nd6 Bd5 17. Bd3 {½-½ (39) Anton Guijarro,D (2654)-Vazquez Igarza,R (2574) Linares 2017}) 12... Nd7 {[%cal Rd6e5]} 13. Bd3 ({White should try} 13. exd6 $14 Bxd6 14. g3) 13... dxe5 $11 14. fxe5 Nxe5 $146 ({Better is} 14... b5 $11) ({Predecessor:} 14... Bc5 15. Qe4 g6 16. Rhe1 b5 17. Bxc5 Nxc5 {0-1 (58) Moradi,A (2218)-Harsha,B (2413) Shiraz 2017}) 15. Bxh7+ $1 $14 Kxh7 16. Qh5+ Kg8 {White must now prevent ...Nc6.} 17. Bxe5 $40 {[%mdl 128] White has some attack.} Qc6 $2 {[%mdl 8192] [#]} (17... Qc5 $14) 18. Bxg7 $1 $18 {[%mdl 512]} Kxg7 19. Rd3 {Intending Rg3+ and mate.} f5 20. Rg3+ {White mates.} Kf6 21. Qg5+ Ke5 22. Qxe7 Re8 23. Re1+ Kd4 24. Rd3+ 1-0

[Event "EIWCC 2018"]
[Site "Vysoke Tatry"]
[Date "2018.04.08"]
[Round "1"]
[White "Fataliyeva, Ulviyya"]
[Black "Hereklioglu, Sude"]
[Result "1-0"]
[WhiteElo "2361"]
[BlackElo "2123"]
[Annotator "TA"]
[PlyCount "87"]
[EventDate "2018.??.??"]
[EventType "swiss"]
[EventCountry "SVK"]
[SourceTitle "playchess.com"]
[Source "ChessBase"]
[SourceQuality "1"]

{[%evp 32,87,22,22,27,12,10,1,1,1,8,8,33,34,40,33,54,18,37,0,0,0,0,0,0,0,0,0,106,106,106,106,106,97,125,131,358,342,215,124,627,621,772,772,711,643,1197,1127,2484,2216,29978,29978,12840,12840,6849,6845,12841,12840]} 1. e4 c5 2. Nf3 e6 3. d4 cxd4 4. Nxd4 Nf6 5. Nc3 Nc6 6. Nxc6 bxc6 7. e5 Nd5 8. Ne4 Qc7 9. f4 Qb6 10. c4 Bb4+ 11. Ke2 f5 12. Nf2 Ba6 13. Kf3 Ne7 14. Be3 Bc5 15. Bxc5 {B45: Sicilian Four Knights} Qxc5 16. Qd6 Qxd6 (16... Qa5 17. Be2 g5 18. Rhd1 Rd8 19. g3 g4+ 20. Kg2 c5 21. Kg1 Nc8 22. Qd2 Qb6 {1-0 (31) Areshchenko,A (2656)-Terrieux,K (2440) Grosseto Prugna 2015}) 17. exd6 {LiveBook: 8 Games. The position is equal.} Ng8 $1 18. Rc1 (18. Be2 {seems wilder.} Bb7 19. c5 Nf6 20. Bc4 O-O 21. Rac1) 18... Nf6 19. c5 (19. Be2 {feels hotter.} c5 20. Nd3 Rc8 21. Ke3 Bb7 22. Rhg1) 19... Bxf1 20. Rhxf1 Rb8 $146 ({Predecessor:} 20... O-O 21. Rc4 Rfb8 22. Nd3 a5 {1-0 (43) Van Riemsdijk,H (2422)-Wastney,S (2193) Auckland 1999}) 21. Nd3 Ne4 {Threatening ...Nd2+.} 22. Ke3 a5 23. Rc4 Rb5 24. Rfc1 Rg8 25. b4 (25. g4 {keeps more tension.} Nf6 26. g5 Nd5+ 27. Kd4 Kf7 28. b3) 25... axb4 26. Rxb4 Rxb4 27. Nxb4 $11 {[%mdl 4096] Endgame KRN-KRN} Kf7 28. Nd3 Ra8 29. Rb1 Ke8 {[#]} (29... e5 $11) 30. a4 $1 $16 {[%cal Ba2a4,Ba4a5][%mdl 32]} Kd8 {[#]} 31. a5 $1 Kc8 32. Ra1 Kb7 33. Kd4 Nd2 $2 (33... Nf6 $16) 34. Ra2 $18 Ne4 35. g4 (35. Ne5 $18 Nf6 36. Rb2+ Kc8 37. Nc4) 35... g6 $2 {[%mdl 8192]} (35... Nf6 $16) 36. Ne5 Kc8 37. g5 Ra6 38. Nc4 Ra7 39. a6 Kd8 40. Rb2 {[%cal Rb2b8]} Ke8 41. Ne5 {[%cal Rb2b8]} Kf8 {[#]} 42. Nxd7+ $1 {[%mdl 512] White is clearly winning.} Rxd7 43. Rb8+ Kf7 44. Rb7 {Precision: White = 75%, Black = 33%.} 1-0